000 01301 a2200193 4500
001 25185
005 20260407155535.0
008 260407a1962 arg spa d
003 AR-UNSa-BCEJYS
040 _aAR-UNSa-BCEJYS
_bspa
_cAR-UNSa-BCEJYS
080 _a519.22
_xTeoría estadística. Modelos estadísticos. Estadística matemática en general
245 1 0 _aEstadística
264 1 _aBuenos Aires :
_bKapelusz
_c1962
300 _a373 p.
_c23 cm.
505 _a1. Introducción a la estadística - 2. Probabilidades - 3. Variable aleatoria - 4. Pruebas repetidas - 5. La función normal y otras distribuciones - 6. Relevamiento y compilación de datos - 7. Representaciones gráficas - 8. Ajuste e interpolación - 9. Series de frecuencias - 10. Análisis de una serie frecuencias - 11. Series de frecuencia: concentración - 12. Análisis de series cronológicas - 13. Series cronológicas (continuación) - 14. Números índices - 15. Regresión y correlación - 16. Regresión y correlación (complementos) - 17. Teoría de atributos cualitativos - 18. Nociones sobre la teoría de las muestras - 19. Teoría de las muestras (continuación) - 20. Aplicaciones de la teoría de las muestras
942 _cBK
590 _aniveau_biblio:m niveau_hierar:0
100 1 _aToranzos, Fausto I.
999 _c1296
_d1296